Concert Elles, les modernistes /
Descripción Física:
1 tríptic : il·lustracions ; 30 cm
Otros Autores:
Bancells, Consol
Idioma:
Catalán
MARC
| LEADER | 00000nam a2200000 a 4500 | ||
|---|---|---|---|
| 001 | 26270 | ||
| 008 | 220718b spa||||| |||| 00| 0 cat d | ||
| 017 | |a DL B 6121-2015 | ||
| 080 | |a FU-72-16 | ||
| 245 | |a Concert Elles, les modernistes / |c fotografia: Consol Bancells | ||
| 260 | |a Barcelona : |b Diputació de Barcelona. Palau Güell, |c 2015 | ||
| 300 | |a 1 tríptic : |b il·lustracions ; |c 30 cm | ||
| 500 | |a A la portada: Celebra el Dia Internacional de les Dones amb la música de les compositores catalanes. L'esdeveniment tindrà lloc al Palau Güell: un escenari inigualable dissenyat per Antoni Gaudí | ||
| 500 | |a A la portada: Mancomunitat de Catalunya | ||
| 650 | 0 | |9 43539 |a Concerts (Execució musical) |x Programes | |
| 650 | 0 | |9 53901 |a Dia internacional de les dones | |
| 700 | |9 53902 |a Bancells, Consol |e fotografies | ||
| 710 | 2 | |a Palau Güell (Barcelona) |9 17034 | |
| 710 | 2 | |9 53015 |a Catalunya. |b Mancomunitat | |
| 942 | |2 udc |c ARXIU |n 1 | ||
| 952 | |0 0 |1 0 |4 0 |6 FU7216 |7 1 |9 62802 |a Arxiu |b Arxiu |d 2022-07-18 |l 0 |o FU-72-16 |p 26270 |r 2022-07-18 00:00:00 |w 2022-07-18 |y ARXIU | ||
| 999 | |c 82291 |d 82291 | ||